La educación como práctica de la libertad

Es la primera de las grandes obras de Paulo Freire en la que criticó en forma implacable las formas tradicionales de educación, convirtiéndose en uno de los principales motores de la revolución educativa en Brasil.

Bibliographic Details
Main Author: Freire, Paulo 1921-1997
Format: Libro
Language:Spanish
Published: Buenos Aires: Siglo Veintiuno, 2015.
Edition:2a. ed
Series:Biblioteca clásica ; 2
Subjects:
Online Access:

MARC

LEADER 00000cam a2200000 a 4500
001 014379
003 UAHC_CL
005 20240701150152.0
008 160825s2015 ag 000 spa
020 |a 9789876290210 
040 |a UAHC_CL  |c UAHC_CL  |d UAHC_CL 
082 0 4 |a 370.19  |b F866  |2 20 
100 |a Freire, Paulo  |d 1921-1997  |9 342 
245 1 3 |a La educación como práctica de la libertad  |c Paulo Freire. 
250 |a 2a. ed 
260 |a Buenos Aires:  |b Siglo Veintiuno,  |c 2015. 
300 |a 150 p. 
440 |9 7172  |a Biblioteca clásica  |v ; 2 
520 |a Es la primera de las grandes obras de Paulo Freire en la que criticó en forma implacable las formas tradicionales de educación, convirtiéndose en uno de los principales motores de la revolución educativa en Brasil.  
521 |a Teorías pedagógicas 
650 0 |a Educación  |9 79 
650 0 |a Educación  |9 7171  |x Métodos experimentales 
650 0 |a Sociología de la educación  |9 163 
942 |c BK  |2 ddc 
952 |0 0  |1 0  |2 ddc  |4 0  |6 370_190000000000000_FREU  |7 0  |8 COMP  |9 28814  |a BC  |b BC  |c General  |d 2017-08-03  |l 4  |m 4  |o 370.19 FREU  |p 1431224  |r 2026-01-13 00:00:00  |s 2019-06-24  |t 1  |w 2017-08-03  |y BK 
952 |0 0  |1 0  |4 0  |6 370_190000000000000_FREU  |7 0  |8 General  |9 28815  |a BC  |b BC  |c General  |d 2017-08-03  |l 13  |m 7  |o 370.19 FREU  |p 1431225  |r 2026-01-13 00:00:00  |s 2019-09-25  |t 2  |w 2017-08-03  |y BK 
999 |c 14379  |d 14379